<?xml version="1.0" encoding="UTF-8"?>
<record
    xmlns:xsi="http://www.w3.org/2001/XMLSchema-instance"
    xsi:schemaLocation="http://www.loc.gov/MARC21/slim http://www.loc.gov/standards/marcxml/schema/MARC21slim.xsd"
    xmlns="http://www.loc.gov/MARC21/slim">

  <leader>00795nab a2200217 uc4500</leader>
  <controlfield tag="001">740891</controlfield>
  <controlfield tag="005">20250304091034.0</controlfield>
  <controlfield tag="008">020523e19120701                    spa  </controlfield>
  <datafield tag="035" ind1=" " ind2=" ">
    <subfield code="a">740891</subfield>
  </datafield>
  <datafield tag="035" ind1=" " ind2=" ">
    <subfield code="a">(OCoLC)819946025</subfield>
  </datafield>
  <datafield tag="040" ind1=" " ind2=" ">
    <subfield code="c">comduadb</subfield>
  </datafield>
  <datafield tag="041" ind1=" " ind2=" ">
    <subfield code="a">spa</subfield>
  </datafield>
  <datafield tag="100" ind1="0" ind2="0">
    <subfield code="a">Lascaris</subfield>
    <subfield code="4">aut</subfield>
    <subfield code="e">aut</subfield>
    <subfield code="9">357440</subfield>
  </datafield>
  <datafield tag="245" ind1="1" ind2="0">
    <subfield code="a">No desacrediteis la patria</subfield>
  </datafield>
  <datafield tag="650" ind1=" " ind2="7">
    <subfield code="a">Libertad de prensa</subfield>
    <subfield code="2">lemb</subfield>
    <subfield code="9">39176</subfield>
  </datafield>
  <datafield tag="650" ind1=" " ind2="7">
    <subfield code="a">Periodismo de opini&#xF3;n</subfield>
    <subfield code="2">embne</subfield>
    <subfield code="9">10093</subfield>
  </datafield>
  <datafield tag="650" ind1=" " ind2=" ">
    <subfield code="a">Periodismo y pol&#xED;tica</subfield>
    <subfield code="9">99144</subfield>
  </datafield>
  <datafield tag="650" ind1=" " ind2=" ">
    <subfield code="a">Patriotismo</subfield>
    <subfield code="9">32868</subfield>
  </datafield>
  <datafield tag="773" ind1="0" ind2=" ">
    <subfield code="t">Avanti (Medell&#xED;n)</subfield>
    <subfield code="g">Avanti. Vol. 01, Nos. 01-05, Mar.-May. 1912 - Vol. 02, Nos. 06-10, May.-Jun., 1912 - Vol. 03, Nos. 11-15, Jun.-Jul. 1912 - Vol. 04, No. 16, Ago. 1912, Vol. 03, No. 12, Jul. 06, 1912, p. 195-198</subfield>
    <subfield code="w">735298</subfield>
    <subfield code="0">245638</subfield>
  </datafield>
  <datafield tag="942" ind1=" " ind2=" ">
    <subfield code="c">ARIMP</subfield>
  </datafield>
  <datafield tag="999" ind1=" " ind2=" ">
    <subfield code="c">240813</subfield>
    <subfield code="d">240813</subfield>
  </datafield>
</record>
